01138nam a2200229 i 4500001000300000100002400003245010900027260004600136300002800182490021200210500013100422500001900553504001400572650002800586650003700614830008500651040000800736041001100744080001400755008004100769856009800810bg1 aHEJDUCKI, Zdzisław10aSprzężenia czasowe w metodach organizacji złożonych procesów budowlanych /cZdzisław Hejducki. aWrocław :bOficyna Wydawnicza PW,c2000. a126 s. :bil. ;c24 cm.1 aPrace Naukowe Instytutu Budownictwa Politechniki Wrocławskiej. Monografie =aScientific Papers of the Institute of Building Engineering of the Wrocław University of Technology. Monographs,x0324-9875 ;v34 aTyt. równol. : Time couplings incorporated in organizational methods of complex construction processes. - Nr serii gł.: 77. aStreszcz. ang. aBibliogr. 9aBudownictwoxmatematyka 9aBudownictwoxorganizacjaxmetody 0aPrace Naukowe Instytutu Budownictwa Politechniki Wrocławskiej. Monografie ;v34 cBPK0 aplben a69.008:51 s pl f |000 0 pol  uhttp://koha.tu.koszalin.pl/cgi-bin/koha/opac-detail.pl?biblionumber=39547yKatalog online BPK